<?xml version="1.0" encoding="UTF-8"?>
<record
    xmlns:xsi="http://www.w3.org/2001/XMLSchema-instance"
    xsi:schemaLocation="http://www.loc.gov/MARC21/slim http://www.loc.gov/standards/marcxml/schema/MARC21slim.xsd"
    xmlns="http://www.loc.gov/MARC21/slim">

  <leader>01813nam a22002657a 4500</leader>
  <datafield tag="999" ind1=" " ind2=" ">
    <subfield code="c">75464</subfield>
    <subfield code="d">75464</subfield>
  </datafield>
  <controlfield tag="005">20220201060324.0</controlfield>
  <controlfield tag="008">      s2558    th                  tha d</controlfield>
  <datafield tag="020" ind1=" " ind2=" ">
    <subfield code="a">9789744498434</subfield>
  </datafield>
  <datafield tag="040" ind1=" " ind2=" ">
    <subfield code="a">NALT</subfield>
  </datafield>
  <datafield tag="041" ind1=" " ind2=" ">
    <subfield code="a">tha</subfield>
  </datafield>
  <datafield tag="050" ind1=" " ind2=" ">
    <subfield code="a">JQ 1749.A53.C32 </subfield>
    <subfield code="b">&#xE2D;231&#xE01; 2558</subfield>
  </datafield>
  <datafield tag="100" ind1="0" ind2=" ">
    <subfield code="a">&#xE2D;&#xE19;&#xE38;&#xE2A;&#xE23;&#xE13;&#xE4C; &#xE1E;&#xE31;&#xE12;&#xE19;&#xE28;&#xE32;&#xE19;&#xE15;&#xE34;&#xE4C; </subfield>
    <subfield code="9">20063</subfield>
  </datafield>
  <datafield tag="245" ind1="1" ind2="0">
    <subfield code="a">&#xE01;&#xE32;&#xE23;&#xE28;&#xE36;&#xE01;&#xE29;&#xE32;&#xE04;&#xE27;&#xE32;&#xE21;&#xE40;&#xE04;&#xE25;&#xE37;&#xE48;&#xE2D;&#xE19;&#xE44;&#xE2B;&#xE27;&#xE17;&#xE32;&#xE07;&#xE01;&#xE32;&#xE23;&#xE40;&#xE21;&#xE37;&#xE2D;&#xE07;&#xE41;&#xE25;&#xE30;&#xE1E;&#xE24;&#xE15;&#xE34;&#xE01;&#xE23;&#xE23;&#xE21;&#xE01;&#xE32;&#xE23;&#xE40;&#xE25;&#xE37;&#xE2D;&#xE01;&#xE15;&#xE31;&#xE49;&#xE07;&#xE2A;&#xE21;&#xE32;&#xE0A;&#xE34;&#xE01;&#xE2A;&#xE20;&#xE32;&#xE1C;&#xE39;&#xE49;&#xE41;&#xE17;&#xE19;&#xE23;&#xE32;&#xE29;&#xE0E;&#xE23; &#xE1E;.&#xE28;. 2554 : </subfield>
    <subfield code="b">&#xE08;&#xE31;&#xE07;&#xE2B;&#xE27;&#xE31;&#xE14;&#xE0A;&#xE31;&#xE22;&#xE20;&#xE39;&#xE21;&#xE34;</subfield>
    <subfield code="c">&#xE2D;&#xE19;&#xE38;&#xE2A;&#xE23;&#xE13;&#xE4C; &#xE1E;&#xE31;&#xE12;&#xE19;&#xE28;&#xE32;&#xE19;&#xE15;&#xE34;&#xE4C;, &#xE40;&#xE17;&#xE2D;&#xE14;&#xE28;&#xE31;&#xE01;&#xE14;&#xE34;&#xE4C; &#xE44;&#xE1B;&#xE48;&#xE08;&#xE31;&#xE19;&#xE17;&#xE36;&#xE01;, &#xE1E;&#xE35;&#xE23;&#xE1E;&#xE25; &#xE2A;&#xE38;&#xE04;&#xE42;&#xE15;.</subfield>
  </datafield>
  <datafield tag="260" ind1="3" ind2=" ">
    <subfield code="a">&#xE01;&#xE23;&#xE38;&#xE07;&#xE40;&#xE17;&#xE1E;&#xE2F; : </subfield>
    <subfield code="b">&#xE2A;&#xE33;&#xE19;&#xE31;&#xE01;&#xE27;&#xE34;&#xE08;&#xE31;&#xE22;&#xE41;&#xE25;&#xE30;&#xE1E;&#xE31;&#xE12;&#xE19;&#xE32; &#xE2A;&#xE16;&#xE32;&#xE1A;&#xE31;&#xE19;&#xE1E;&#xE23;&#xE30;&#xE1B;&#xE01;&#xE40;&#xE01;&#xE25;&#xE49;&#xE32;, </subfield>
    <subfield code="c">2558.</subfield>
  </datafield>
  <datafield tag="300" ind1=" " ind2=" ">
    <subfield code="a">71 &#xE2B;&#xE19;&#xE49;&#xE32; :</subfield>
    <subfield code="b">&#xE20;&#xE32;&#xE1E;&#xE1B;&#xE23;&#xE30;&#xE01;&#xE2D;&#xE1A;, &#xE15;&#xE32;&#xE23;&#xE32;&#xE07; ;</subfield>
    <subfield code="c">26 &#xE0B;&#xE21;.</subfield>
  </datafield>
  <datafield tag="650" ind1=" " ind2="0">
    <subfield code="a">&#xE2A;&#xE21;&#xE32;&#xE0A;&#xE34;&#xE01;&#xE2A;&#xE20;&#xE32;&#xE1C;&#xE39;&#xE49;&#xE41;&#xE17;&#xE19;&#xE23;&#xE32;&#xE29;&#xE0E;&#xE23; </subfield>
    <subfield code="x">&#xE01;&#xE32;&#xE23;&#xE40;&#xE25;&#xE37;&#xE2D;&#xE01;&#xE15;&#xE31;&#xE49;&#xE07; </subfield>
    <subfield code="y">2554</subfield>
    <subfield code="9">23396</subfield>
  </datafield>
  <datafield tag="650" ind1=" " ind2="4">
    <subfield code="a">&#xE1E;&#xE24;&#xE15;&#xE34;&#xE01;&#xE23;&#xE23;&#xE21;&#xE01;&#xE32;&#xE23;&#xE40;&#xE25;&#xE37;&#xE2D;&#xE01;&#xE15;&#xE31;&#xE49;&#xE07; </subfield>
    <subfield code="9">24050</subfield>
    <subfield code="z">&#xE44;&#xE17;&#xE22; </subfield>
    <subfield code="z">&#xE0A;&#xE31;&#xE22;&#xE20;&#xE39;&#xE21;&#xE34;</subfield>
    <subfield code="x">&#xE27;&#xE34;&#xE08;&#xE31;&#xE22;</subfield>
  </datafield>
  <datafield tag="650" ind1=" " ind2="4">
    <subfield code="a">&#xE01;&#xE32;&#xE23;&#xE40;&#xE25;&#xE37;&#xE2D;&#xE01;&#xE15;&#xE31;&#xE49;&#xE07;</subfield>
    <subfield code="z">&#xE44;&#xE17;&#xE22; </subfield>
    <subfield code="z">&#xE0A;&#xE31;&#xE22;&#xE20;&#xE39;&#xE21;&#xE34;</subfield>
    <subfield code="9">24051</subfield>
  </datafield>
  <datafield tag="653" ind1=" " ind2=" ">
    <subfield code="a">&#xE1C;&#xE39;&#xE49;&#xE2A;&#xE21;&#xE31;&#xE04;&#xE23;&#xE23;&#xE31;&#xE1A;&#xE40;&#xE25;&#xE37;&#xE2D;&#xE01;&#xE15;&#xE31;&#xE49;&#xE07; </subfield>
  </datafield>
  <datafield tag="700" ind1="0" ind2=" ">
    <subfield code="9">24053</subfield>
    <subfield code="a">&#xE40;&#xE17;&#xE2D;&#xE14;&#xE28;&#xE31;&#xE01;&#xE14;&#xE34;&#xE4C; &#xE44;&#xE1B;&#xE48;&#xE08;&#xE31;&#xE19;&#xE17;&#xE36;&#xE01;</subfield>
  </datafield>
  <datafield tag="700" ind1="0" ind2=" ">
    <subfield code="9">24054</subfield>
    <subfield code="a">&#xE1E;&#xE35;&#xE23;&#xE1E;&#xE25; &#xE2A;&#xE38;&#xE04;&#xE42;&#xE15;</subfield>
  </datafield>
  <datafield tag="850" ind1=" " ind2=" ">
    <subfield code="a">NALT</subfield>
  </datafield>
  <datafield tag="942" ind1=" " ind2=" ">
    <subfield code="c">RSH</subfield>
    <subfield code="2">lcc</subfield>
  </datafield>
  <datafield tag="998" ind1=" " ind2=" ">
    <subfield code="j">1020</subfield>
    <subfield code="k"> &#xE08;&#xE33;&#xE40;&#xE23;&#xE35;&#xE22;&#xE07; &#xE23;&#xE30;&#xE27;&#xE31;&#xE07;&#xE2A;&#xE33;&#xE42;&#xE23;&#xE07;</subfield>
  </datafield>
  <datafield tag="952" ind1=" " ind2=" ">
    <subfield code="0">0</subfield>
    <subfield code="1">0</subfield>
    <subfield code="2">lcc</subfield>
    <subfield code="4">0</subfield>
    <subfield code="7">0</subfield>
    <subfield code="8">CRSH</subfield>
    <subfield code="a">NALT</subfield>
    <subfield code="b">NALT</subfield>
    <subfield code="e">&#xE1A;&#xE23;&#xE34;&#xE08;&#xE32;&#xE04;</subfield>
    <subfield code="l">0</subfield>
    <subfield code="o">&#xE27; JQ 1749.A53.C32 &#xE2D;231&#xE01; 2558</subfield>
    <subfield code="p">3961202286</subfield>
    <subfield code="r">2017-06-09 00:00:00</subfield>
    <subfield code="w">2017-06-09</subfield>
    <subfield code="y">RSH</subfield>
  </datafield>
  <datafield tag="952" ind1=" " ind2=" ">
    <subfield code="0">0</subfield>
    <subfield code="1">0</subfield>
    <subfield code="2">lcc</subfield>
    <subfield code="4">0</subfield>
    <subfield code="7">0</subfield>
    <subfield code="8">CSEN</subfield>
    <subfield code="a">NALT</subfield>
    <subfield code="b">NALT</subfield>
    <subfield code="c">RSH</subfield>
    <subfield code="d">2023-12-15</subfield>
    <subfield code="l">0</subfield>
    <subfield code="o">&#xE27; JQ 1749.A53.C32 &#xE2D;231&#xE01; 2558</subfield>
    <subfield code="p">0100007731001</subfield>
    <subfield code="r">2023-12-27 00:00:00</subfield>
    <subfield code="w">2023-12-15</subfield>
    <subfield code="y">RSH</subfield>
  </datafield>
</record>
